00643 2200193 4500001002100000005001500021035002000036007000300056008004100059082000700100084001300107100001500120245018600135250001700321260004500338300003900383650001200422990001500434INLIS00000000000532020250226102630 a0010-0225000272ta250226 g 0 ind  a23 a23 SIT u0 aSITI ANITA1 aUPAYA MENINGKATKAN HASIL BELAJAR IPAS DENGAN MENGGUNAKAN MODEL PEMBELAJARAN KOOPERATIF TIPE JIGSAW BERBANTUAN MEDIA WORDWALL PADA KELAS IV SD NEGERI 2 KERENG BANGKIRAI /cSITI ANITA a1, Cet. Ke-1 aPalangkaraya :bPerpustakaan UMPR,c2025 axvi, 60 hlm :bilus. ;c16 x 23 cm 4aSKRIPSI a2123024583